Регионите във Франция - Statistics

General Stats
  • This quiz has been taken 44 times
  • The average score is 7 of 13
Answers on the Map
Answers color-coded by a green-red scale on the quiz's map according to % correct below.
 
Answer Stats
Region % Correct
Бретан
86%
Нормандия
86%
Ил дьо Франс
86%
Корсика
79%
О дьо Франс
64%
Прованс Алпи Лазурен бряг
57%
Гранд Ест
43%
Окситания
43%
Нова Аквитания
43%
Бургундия Франш Конте
43%
Оверн Рона Алпи
43%
Пеи дьо ла Лоар
36%
Център Вал дьо Лоар
29%
No matching quizzes found
Score Distribution
Percent of People with Each Score
Percentile by Number Answered
Your Score History
You have not taken this quiz